000 00313nam a22001457a 4500
008 210305b ||||| |||| 00| 0 eng d
020 _a0669417513
041 _aeng
080 _24th
_a510
082 _24th
_a510
100 _a36
101 _aMAT
245 _aCollege Algebra
_cHostetler,L
942 _2udc
_cBK
999 _c55867
_d55867